| 000 | 00971nam0a2200277 4500 | ||
|---|---|---|---|
| 001 | RU\NLR\BIBL_A\022668788 | ||
| 005 | 20260406162634.0 | ||
| 035 | _a(NLR Aleph) 022668788 | ||
| 090 |
_a13468045 _c13468045 |
||
| 100 | _a20251119d1974 u y0rusy50 ca | ||
| 101 | 0 | _aaze | |
| 102 | _aAZ | ||
| 105 | _ac z 000 y | ||
| 181 | 0 |
_ai _baxxe |
|
| 182 | 0 | _an | |
| 200 | 1 |
_aПоезиjа сәнәти һаггында _fАристотел _gтәрҹ., мәгаләләр вә шәрһләр: Аслан Асланов _gред.: Әкбәр Ағаjев |
|
| 203 |
_aТекст _bвизуальный _cнепосредственный |
||
| 210 |
_aБакы _cАзәрнәшр _d1974 |
||
| 215 |
_a190,[2] с. _cпорт. _d17 |
||
| 541 | 1 |
_aПоэтика _zrus |
|
| 686 | 1 | _aШ5(0)32 | |
| 700 | 0 |
_4070 _8rus _7ca _aАристотель _f384-322 до н.э. _3RU\NLR\AUTH\779572 _9119396 |
|
| 702 | 1 |
_aАғаjев _bӘ. _gӘкбәр _4340 |
|
| 942 | _cBOOK | ||
| 980 | _aNB | ||